| 000 | 01190nam a22003137a 4500 | ||
|---|---|---|---|
| 001 | BR7902740 | ||
| 003 | BR-BrBNA | ||
| 005 | 20230928090017.0 | ||
| 007 | ta | ||
| 008 | 230509b bl.||||| |||| 00| 0 por d | ||
| 040 |
_aBR-BrBNA _bpor _cBiblioteca Nacional de Agricultura |
||
| 041 | _a(Por) | ||
| 072 |
_aF00; F30; H20 _b0150 _b/G514 |
||
| 090 | _ 0150 BR7902740 | ||
| 110 | 1 | _aUnidade de Execucao de Pesquisa de Ambito Estadual de Dourados, MS (Brasil) | |
| 111 | 1 |
_aReuniao Regional de Programacao de Pesquisa de Arroz para o Centro-Oeste _cUberaba, MG (Brazil) _d28 May 1979 |
|
| 245 | 1 | _aTrabalhos com arroz na UEPAE de Dourados em 1978/79 [Unidade de Execucao de Pesquisa de Ambito Estadual de Dourados; doenca de planta; variedade resistente, arroz sequeiro, arroz irrigado, Oryza sativa, Mato Grosso do Sul, Brasil] | |
| 260 | 3 |
_aDourados, MS (Brasil): _c1979. |
|
| 300 | _a48 p. | ||
| 500 | _aSummary (Por) | ||
| 650 | _aARROZ SEQUEIRO | ||
| 650 | _aARROZ IRRIGADO | ||
| 650 | _aPRATICA CULTURAL | ||
| 650 | _aCOMPORTAMENTO DE VARIEDADE | ||
| 650 | _aVARIEDADE RESISTENTE | ||
| 650 | _aMATO GROSSO DO SUL | ||
| 909 |
_a202309 _bLucia _c55 _dLucia Elande |
||
| 942 | _cBK | ||
| 999 |
_c27419 _d27419 |
||